Kryptomeny ako alternatívna investičná príležitosť diplomová práca

Salvato in:
Dettagli Bibliografici
Autore principale: Rejdovian, Dávid
Ente Autore: Fakulta medzinárodných vzťahov EU. Katedra medzinárodných ekonomických vzťahov a hospodárskej diplomacie
Altri autori: Jančíková, Eva, 1960-
Natura: Libro
Lingua:slovacco
Pubblicazione: Bratislava 2023
Tags: Aggiungi Tag
Nessun Tag, puoi essere il primo ad aggiungerne!!

MARC

LEADER 00000nbm a2200000 4500
001 0293152
005 20240610132312.7
041 0 |a slo 
044 |a SK 
245 1 0 |a Kryptomeny ako alternatívna investičná príležitosť  |b diplomová práca  |c Dávid Rejdovian ; školiteľ: Eva Jančíková 
264 1 |a Bratislava  |c 2023 
300 |a 90 s. 
100 1 |a Rejdovian, Dávid 
700 1 |a Jančíková, Eva, 1960- 
710 2 |a Fakulta medzinárodných vzťahov EU. Katedra medzinárodných ekonomických vzťahov a hospodárskej diplomacie